Numerická štúdia vybraných účinkov pre účely SHM

Saved in:
Bibliographic Details
Main Author: Timková, Bianka (Author)
Other Authors: Sokol, Milan (Thesis advisor)
Format: Manuscript Book
Language:Slovak
Published: 2020
Subjects:
Online Access:http://is.stuba.sk/zp/portal_zp.pl?podrobnosti=152236
https://opac.crzp.sk/?fn=detailBiblioForm&sid=F5195A1FF5FC85745245A9DFA517
Tags: Add Tag
No Tags, Be the first to tag this record!

MARC

LEADER 00000ntm a22000003a 4500
001 stuzp81421
003 SK-STU
005 20230524130009.1
007 ta
008 150427s2015----xo-----f-mn---000-0-slo-d
040 |a STU  |b slo 
041 0 |a slo 
100 1 |a Timková, Bianka  |u 010250  |4 aut  |U SvF Stavebná fakulta  |T SvF Katedra stavebnej mechaniky  |X 81097  |U V250  |Y 26  |7 81097 
242 0 1 |a Numerical Study of Selected Effects for SHM purposes.  |y eng 
245 1 0 |a Numerická štúdia vybraných účinkov pre účely SHM 
260 |c 2020 
650 4 |a SHM  |2 slo 
650 4 |a most  |2 slo 
650 4 |a ložisko  |2 slo 
650 4 |a SHM  |2 eng 
650 4 |a bridge  |2 eng 
650 4 |a bearing  |2 eng 
700 1 |a Sokol, Milan  |u 010250  |k Z1  |4 ths  |U SvF Stavebná fakulta  |T SvF Katedra stavebnej mechaniky  |X 687  |U V250  |Y 26  |7 A000000687 
856 4 |u http://is.stuba.sk/zp/portal_zp.pl?podrobnosti=152236 
856 4 |u https://opac.crzp.sk/?fn=detailBiblioForm&sid=F5195A1FF5FC85745245A9DFA517